|
|
|
|
| LEADER |
00650nam a22001811a 4500 |
| 020 |
|
|
|a 9780132800259
|
| 082 |
|
|
|a 428.4
|b JOA/E
|
| 100 |
|
|
|a Joan M Saslow
|9 144698
|
| 245 |
|
|
|a English in context:
|b reading comprehension for science and technology/
|c by Joan M Saslow
|
| 260 |
|
|
|a New Jersey:
|b Prentice-Hall,
|c 1985.
|
| 300 |
|
|
|a 192p.
|
| 650 |
|
|
|a Readers Science
|9 144699
|
| 650 |
|
|
|a Language English
|9 144700
|
| 650 |
|
|
|a Language
|9 144701
|
| 700 |
|
|
|a John E Mongillo
|9 144702
|
| 942 |
|
|
|c BK
|
| 999 |
|
|
|c 13342
|d 13342
|
| 952 |
|
|
|0 0
|1 0
|4 0
|6 428_400000000000000_JOA_E
|7 0
|9 19123
|a SSUS
|b SSUS
|d 2015-01-08
|g 0.00
|o 428.4 JOA/E
|p 024220
|r 2015-01-08
|v 0.00
|w 2015-01-08
|y BK
|